Nordische Ski-WM Austragungsorte - Statistiken

Allgemein
  • Dieses Quiz wurde 137 mal gespielt
  • Das Durchschnittsergebnis liegt bei 18 aus 30
Antwortstatistiken
Jahr Ort % Korrekt
1966 Oslo
93%
1982 Oslo
93%
2011 Oslo
93%
1987 Oberstdorf
86%
2005 Oberstdorf
86%
2021 Oberstdorf
86%
1958 Lahti
76%
1978 Lahti
76%
1989 Lahti
76%
2001 Lahti
76%
2017 Lahti
76%
1985 Seefeld
71%
2019 Seefeld
71%
1997 Trondheim
65%
2025 Trondheim
65%
2023 Planica
60%
1954 Falun
58%
1974 Falun
58%
1993 Falun
58%
2015 Falun
58%
2007 Sapporo
50%
1991 Val di Fiemme
49%
2003 Val di Fiemme
49%
2013 Val di Fiemme
49%
1999 Ramsau
46%
2009 Liberec
34%
1950 Lake Placid
31%
1962 Zakopane
29%
1995 Thunder Bay
18%
1970 Vysoké Tatry
3%
Keine übereinstimmenden Quizze gefunden
Verteilung der Resultate
Anzahl Personen mit jedem Resultat
Perzentil nach korrekt beantworteten Fragen
Ihre Resultats-Entwicklung
Sie haben dieses Quiz noch nicht gespielt